| 000 | 00458nam a2200205Ia 4500 | ||
|---|---|---|---|
| 005 | 20250425162448.0 | ||
| 008 | 250425s9999 xx 000 0 und d | ||
| 020 | _a0442205708 | ||
| 041 | _aeng | ||
| 082 | _a639.8 | ||
| 100 | _aMEAD, CARVER | ||
| 245 | 0 | _aAQUACULTURE MANAGEMENT | |
| 250 | _aS.E. | ||
| 260 |
_aEstados Unidos _bAVI BOOK _c1989 |
||
| 260 | _aNEW YORK | ||
| 300 | _a175 | ||
| 650 | _aACUACULTURA | ||
| 942 | _c01 | ||
| 010 | _a75624 | ||
| 999 |
_c229717 _d229717 |
||